Les 7 péchés capitaux en images - Statistiques

Statistiques générales
  • Ce quiz a été pris 71 fois
  • Le résultat moyen est 6 sur 7
Statistiques - réponses
Par images Réponse % Correct
Luxure
90%
Gourmandise
87%
Colère
80%
Paresse
80%
Avarice
78%
Envie
70%
Orgueil
70%
Aucun quiz correspondant
Distribution des résultats
% des personnes avec chaque résultat
Percentile par nombre de réponses
Votre historique - résultats
Vous n’avez pas pris ce quiz